Society and Sustainable Development in Himalayan States (Record no. 9425)
[ view plain ]
| 000 -LEADER | |
|---|---|
| fixed length control field | 01160nam a2200181Ia 4500 |
| 020 ## - INTERNATIONAL STANDARD BOOK NUMBER | |
| ISBN | 9788186844861 |
| 082 ## - DEWEY DECIMAL CLASSIFICATION NUMBER | |
| Classification number | 338.9270545 |
| Item number | SOC- |
| 245 #0 - TITLE STATEMENT | |
| Title | Society and Sustainable Development in Himalayan States |
| Sub Title | : perspectives, problems and prospects |
| 260 ## - PUBLICATION, DISTRIBUTION, ETC. (IMPRINT) | |
| Place of publication | Dehradun |
| Name of publisher | Winsar Publishing Co. |
| Year of publication | 2016 |
| 300 ## - PHYSICAL DESCRIPTION | |
| Number of Pages | x, 221p |
| 500 ## - GENERAL NOTE | |
| General note | Papers presented at VII Annual National Conference SAUK 2016 |
| 520 ## - SUMMARY, ETC. | |
| Summary, etc | Keeping the multiple aspects of problems, prospects and development of the Himalayan region in mind the Sociological Association of Uttarakhand declared, society & sustainable development in Himalayan state: perspectives, problems and prospects as the theme of its 7th annual national conference organised by DAV (PG) College, Dehradun, Uttarakhand on 24th & 25th February 2016. This publication is the collection of papers presented in this conference. These paper discuss problems of Himalayan states especially Uttarakhand and various prospects of sustainable development. |
| 650 ## - SUBJECT ADDED ENTRY--TOPICAL TERM | |
| Topical Term | Sociology |
| Form subdivision | Socio-Economic |
| -- | Sustainable Development |
| 700 ## - ADDED ENTRY--PERSONAL NAME | |
| Personal name | Dwivedi, Satyam |
| 700 ## - ADDED ENTRY--PERSONAL NAME | |
| Personal name | Sharma, Onima |
| 700 ## - ADDED ENTRY--PERSONAL NAME | |
| Personal name | Pal, Archana |
| 942 ## - ADDED ENTRY ELEMENTS (KOHA) | |
| Koha item type | Books |
| Source of classification or shelving scheme | Dewey Decimal Classification |
| Withdrawn status | Lost status | Damaged status | Not for loan | Home library | Current library | Date acquired | Source of acquisition | Bill Date | Full call number | Accession Number | Price effective from | Koha item type |
|---|---|---|---|---|---|---|---|---|---|---|---|---|
| NASSDOC Library | NASSDOC Library | 02/08/2018 | Gifted by : M.S. Secretariat, ICSSR | 2018-07-05 | 338.9270545 SOC- | 49958 | 18/04/2019 | Books |
